Out of office / (Record no. 33065)

MARC details
000 -LEADER
fixed length control field 01044cam a22003257i 4500
005 - DATE AND TIME OF LATEST TRANSACTION
control field 20230719144027.0
008 - FIXED-LENGTH DATA ELEMENTS--GENERAL INFORMATION
fixed length control field 131021s2014 inua 001 0 eng
010 ## - LIBRARY OF CONGRESS CONTROL NUMBER
LC control number 2013952805
020 ## - INTERNATIONAL STANDARD BOOK NUMBER
ISBN 9780789750921
020 ## - INTERNATIONAL STANDARD BOOK NUMBER
ISBN 0789750929
040 ## - CATALOGING SOURCE
Original cataloging agency DLC
Language of cataloging eng
Description conventions rda
Transcribing agency DLC
Modifying agency DLC
082 ## - DEWEY DECIMAL CLASSIFICATION NUMBER
Classification number 005.45
Item number SAL-O
100 1# - MAIN ENTRY--AUTHOR
Author Name Salt, Simon,
245 10 - TITLE STATEMENT
Title Out of office /
Statement of responsibility, etc. Simon Salt.
300 ## - PHYSICAL DESCRIPTION
Pages 194 pages :
336 ## - CONTENT TYPE
Content type term text
Content type code txt
Source rdacontent
337 ## - MEDIA TYPE
Media type term unmediated
Media type code n
Source rdamedia
338 ## - CARRIER TYPE
Carrier type term volume
Carrier type code nc
Source rdacarrier
500 ## - GENERAL NOTE
General note Minimal Level Cataloging Plus.
Institution to which field applies DLC
504 ## - BIBLIOGRAPHY, ETC. NOTE
Bibliography, etc. note Includes index.
650 #0 - SUBJECT ADDED ENTRY--TOPICAL TERM
Subject / Department Home offices.
650 #0 - SUBJECT ADDED ENTRY--TOPICAL TERM
Subject / Department Telecommuting.
650 #0 - SUBJECT ADDED ENTRY--TOPICAL TERM
Subject / Department Time management.
246 14 - VARYING FORM OF TITLE
Title proper/short title Out of office :
Remainder of title how to work from home, telecommute or workshift successfully.
264 #1 - PRODUCTION, PUBLICATION, DISTRIBUTION, MANUFACTURE, AND COPYRIGHT NOTICE
Place of production, publication, distribution, manufacture Indianapolis, Indiana USA :
Name of producer, publisher, distributor, manufacturer QUE,
Date of production, publication, distribution, manufacture, or copyright notice [2014]
300 ## - PHYSICAL DESCRIPTION
-- illustrations ;
-- 23 cm
906 ## - LOCAL DATA ELEMENT F, LDF (RLIN)
a 7
b cbc
c orignew
d 4
e epcn
f 20
g y-gencatlg
952 ## - LOCATION AND ITEM INFORMATION (KOHA)
-- 0
-- 0
Holdings
Lost status Damaged status Collection code Permanent Location Current Location Shelving Location Date acquired Full Call Number Accession No./Barcode Date last seen item type Koha item type
    CS/IT Superior Information Resource Center (SIRC) Superior University- Gold Campus Superior Information Resource Center (SIRC) Superior University- Gold Campus MISC 07/19/2023 005.45 SAL-O 2018 19463 07/19/2023 BOOK BOOK

Powered by Koha